Dating postwar business cycles: methods and their application toe Western Germany, 1950-67 (Record no. 373954)

000 -LEADER
fixed length control field 00440cam a22001217a 4500
008 - FIXED-LENGTH DATA ELEMENTS--GENERAL INFORMATION
fixed length control field 180718b1969 xxu||||| |||| 00| 0 eng d
082 ## - DEWEY DECIMAL CLASSIFICATION NUMBER
Classification number T17x434 M668
100 ## - MAIN ENTRY--PERSONAL NAME
Personal name Mintz, Ilse
245 ## - TITLE STATEMENT
Title Dating postwar business cycles: methods and their application toe Western Germany, 1950-67
Statement of responsibility, etc. by Ilse Mintz
260 ## - PUBLICATION, DISTRIBUTION, ETC.
Place of publication, distribution, etc. New York
Name of publisher, distributor, etc. National Bureau of Economic Research
Date of publication, distribution, etc. 1969
300 ## - PHYSICAL DESCRIPTION
Extent 111p.
650 ## - SUBJECT ADDED ENTRY--TOPICAL TERM
Topical term or geographic name entry element Business Cycles - Germany (Federal Republic)
Holdings
Withdrawn status Lost status Damaged status Not for loan Permanent Location Current Location Date acquired Full call number Barcode Date last seen Price effective from Koha item type
        Indian Institute of Public Administration Indian Institute of Public Administration 1994-06-24 T17x434 M668 44828 2018-07-21 2018-07-21 Book

Powered by Koha